000 00662nam a2200241Ia 4500
003 OSt
005 20220925174256.0
006 a|||||r|||| 00| 0
007 ta
008 220923b |||||||| |||| 00| 0 eng d
037 _cGeneral Book
040 _aRTL
_cRTL
_beng
041 _2eng
_aeng
082 _aX6xM83:g, M8
100 _aSau Ranjit
245 0 _aProduction trade and development
_bTowards a keynes
260 _aCalcutta
_bK P Bagchi
_c1988
300 _axiii,220p
_ccm.
500 _aBibliography P 202-18
650 _aKeynes
_9231657
942 _hX6xM83:g, M8
_cGB
_2CC
999 _c490476
_d490476